Gradazioni di colore - Ciano - Statistics

Statistiche generali
  • Questo quiz è stato fatto 13 volte
  • Il punteggio medio è 2 su 11
Statistiche sulle risposte
Colore Gradazione % Corretto
Ciano Ciano chiaro
70%
Ciano Turchese
60%
Ciano Acqua
40%
Ciano Acquamarina
20%
Ciano Blu alice
0%
Ciano Blu Bondi
0%
Ciano Ceruleo
0%
Ciano Foglia di té
0%
Ciano Uovo di pettirosso
0%
Ciano Verde pino
0%
Ciano Verde Veronese
0%
Nessun quiz corrispondente trovato
Distribuzione punteggi
Percentuale di utenti per punteggio
Percentile per numero di risposta
I tuoi punteggi nel tempo
Non hai fatto questo quiz